| 000 | 00468nam a22001817a 4500 | ||
|---|---|---|---|
| 003 | CEME | ||
| 005 | 20210628203006.0 | ||
| 008 | 210216b xxu||||| |||| 00| 0 eng d | ||
| 020 | _a0-471-97697-0 | ||
| 040 | _c. | ||
| 082 | _a005.453 GRU | ||
| 100 |
_aGrune, Dick Bal, Henri.E Langendoen, K.G _962763 |
||
| 245 | _aModern compiler design | ||
| 260 |
_aNEW YORK _bJOHN WILEY _c2001 |
||
| 300 | _aXVIII,736P | ||
| 650 |
_aCOMPILER DESIGN _962764 |
||
| 942 |
_cBK _2ddc |
||
| 999 |
_c571767 _d571767 |
||